Представление документа в формате RUSMARC

ПолеНазваниеЗначение
  Тип записи a
  Библиографический уровень m
001 Контрольный номер RU/SLIB/B/208722529
005 Дата корректировки 20201206203950.6
010 Индекс ISBN __
a ISBN 5-88711-033-3
d Цена 60-00
101 Язык документа 0_
a Язык текста rus
a Язык текста eng
200 Заглавие и сведения об ответственности 1_
a Заглавие Грамматическая семантика английского языка: Фактор человека в языке
f Первые сведения об ответственности Д. А. Штелинг
b Общее обозначение материала Текст
210 Выходные данные __
a Место издания М.
c Издательство МГИМО
c Издательство ЧеРо
d Дата издания 1996
215 Физическое описание __
a Объем 254 с.
330 Аннотация __
a Аннотация В пособии по-новому освещены система глагольных времён, значение формы наклонения, проблемы артикля, залога и др. Книга обогощает существующую грамматическую теорию, содержит много новых, интересных положений, вокруг которых ведутсяострые споры. Предназначена для студентов старших курсов университетов и факультетов иностранных языков, а также широкого круга лингвистов.
606 Тематические рубрики __
a Основная рубрика Языкознание
606 Тематические рубрики __
a Основная рубрика Германские языки
610 Ключевые слова __
a Ключевые слова частное языкознание; английский язык; грамматика; семантика; глаголы; артикли; залоги глаголов
686 Индексы других классификаций __
a Классификационный индекс 81.432.1-3
700 Автор _1
a Фамилия Штелинг
b Имя Д. А.
4 Код отношения 070
801 Источник записи _0
a Страна RU
b Организация Муниципальное бюджетное учреждение культуры "Централизованная библиотечная система" г. Сургут (Центральная городская библиотека им. А. С. Пушкина)
g Правила каталогизации ОИЛ/Рутковская
801 Источник записи _1
a Страна RU
b Организация Муниципальное бюджетное учреждение культуры "Централизованная библиотечная система" г. Сургут (Центральная городская библиотека им. А. С. Пушкина)
g Правила каталогизации ОИЛ/Рутковская
852 Данные о местонахождении __
j Шифр хранения 81.432.1-3
c Каталожный индекс 81.2Англ-3
i Авторский знак Ш 89
901 Тип документа __
t Тип документа m
903 Характеристики (МАРС) __
a Дата передачи 20011122
969 Тип издания __
a Тип издания учебник
990 Данные о заказе (DOS) __
j Количество экземпляров (DOS) 1
t N записи в КСУ для И/У (DOS) 200111